000 01265cam a22002414a 4500
020 _a9780199860326
020 _a0199860327
020 _a9780199860333
020 _a0199860335
041 _aENG
082 0 0 _a201.5
_bDEM
100 1 _aDempsey, Corinne G.
245 1 0 _aBringing the sacred down to earth :
260 _aNew York :
_bOxford University Press,
_cc2012.
300 _axi, 199 p. :
_bill. ;
505 0 _aIcelandic and Indian language notes -- Introduction: adventures and misadventures in comparison -- The suffering Indian nun and the wandering (drunken) Irish priest: orientalism and Celticism unplugged -- Arguing equal access to an earthly sacred: Christian and Hindu theologies of liberation -- Making and staking sacred terrain: Rajneeshee and diaspora Hindu settlers and unsettlers -- Embodying the extraordinary in Iceland and India and the difference spirits make -- Postscript: unanticipated adventures in ritualized ethnography.
650 0 _aReligion.
650 0 _aReligions
856 4 2 _uhttp://www.loc.gov/catdir/enhancements/fy1302/2011016109-b.html
856 4 2 _uhttp://www.loc.gov/catdir/enhancements/fy1302/2011016109-d.html
856 4 1 _uhttp://www.loc.gov/catdir/enhancements/fy1302/2011016109-t.html
942 _cBK
999 _c22367
_d22367